00640 2200217 4500001002100000005001500021035002000036007000300056008004100059020002200100082001000122084001600132100001900148245008700167260003600254300005700290504003100347600002200378990001100400990001100411INLIS00000000000332220190609094119 a0010-0619000071ta190609 g 0 ind  a978-602-51927-1-5 a650.1 a650.1 IMR i0 aIMRON, Rosyadi1 aInovasi dan Kreativitas Berbisnis :bSeri Kedua Wirausaha Kreatif /cImron Rosyadi aMalang :bEmpatdua Media,c2018 ax, 111 hlm. ;c23 cm.-- Seri kedua Wirausaha Kreatif aBibliografi : hlm. 110-111 4aMANAJEMEN. BISNIS a6753 a a6753 b